Sanat - "Käyn ahon laitaa" - Juha Vainio - Statistics

Yleistilastot
  • Tätä visaa on pelattu 91 kertaa
  • Keskiarvotulos 70 / 125
Vastaustilastot
Vastaus % Oikein
KERTOSÄE
100%
ahon
98%
Käyn
98%
laitaa
96%
minä
96%
ilman
94%
94%
paitaa
94%
ei
89%
kukaan
89%
kun
89%
te
89%
matkaa
87%
estä
85%
kutsun
85%
kuulen
85%
suvituulen
83%
teen
83%
vain
81%
on
79%
se
77%
en
74%
nautin
74%
nyt
74%
olla
74%
mut
72%
aika
70%
kypsä
70%
lypsänyt
70%
mua
70%
mukaan
70%
uudelleen
70%
alkaa
68%
Järjestelmä
68%
jo
68%
kesästä
68%
tarpeeksi
68%
ottaa
66%
pesästä
66%
sen
66%
tuhkat
64%
vaikka
64%
viekää
64%
että
57%
Raatikaisen
57%
sitten
57%
tulkaa
57%
tuutista
57%
mun
55%
luulen
53%
tää
53%
yhtään
53%
uutista
51%
kuulla
49%
saa
47%
vielä
47%
hiljaiselosta
45%
höyry
43%
jonkin
43%
metsiä
43%
selosta
43%
eikä
40%
Elämä
40%
etsiä
40%
turhaan
40%
verran
40%
kaatua
38%
mutta
38%
ois
38%
saatua
38%
sattumalta
38%
sentään
38%
synti
38%
Viranomaiset
38%
Kahila
36%
laula
36%
riittää
36%
stressin
36%
välitä
34%
enkä
32%
kiiltonahkakengissä
32%
uhrina
32%
heiluisi
30%
hiirenkorvia
30%
hyvin
30%
näkyy
30%
täällä
30%
hengissä
28%
hoitakaa
28%
sorvia
28%
uskolliset
28%
hetkeäkään
26%
missä
23%
käki
21%
kehtaa
21%
kukkua
21%
sammalvuoteella
21%
Siellä
21%
siellä
21%
Hiljaa
19%
hyvä
19%
nukkua
17%
ehtiä
15%
ilmesty
15%
joutavia
15%
lehtiä
15%
vaeltaen
15%
sinne
13%
tahdon
11%
Ehtoja vastaavia visoja ei löytynyt
Tulosjakauma
Jokaisen tuloksen saaneiden osuus
Persentiili vastausten määrän mukaan
Tuloshistoriasi
Et ole pelannut tätä visaa